000 01330nam0a22002891 4500
001 rc\2168546
005 20260406155404.0
035 _a(NLR Aleph) 006603957
090 _a7277692
_c7277692
100 _a20110829d1979 |||y0rusy50 ca
101 0 _arus
102 _aRU
105 _ay c |||||
200 1 _aВ помощь куратору академической студенческой группы
_e(Метод. указ.)
_fМ-во высш. и сред. спец. образования УССР, Ворошиловгр. машиностроит. ин-т. Комис. методики воспитат. работы со студентами Метод. совета ...
_g[Сост. доценты Ищук И.Г., Литвиненко В.Ф., Шмонденко З.А.]
210 _aВорошиловград
_cБ. и.
_d1979
215 _a24 с.
_d20
320 _aБиблиогр.: с. 22-23
702 1 _aШмонденко
_bЗ.А.
_4220
702 1 _aИщук
_bИ.Г.
_4220
702 1 _aЛитвиненко
_bВ.Ф.
_4220
712 0 2 _aВорошиловградский машиностроительный ин-т
_3RU\NLR\AUTH\889930710
_9356929
801 0 _aRU
_bNLR
_gpsbo
801 1 _aRU
_bELAR
_2rusmarc
852 _aNLR
_j79-4/26963
899 _aRuMoRGB
_jМ 80-18/1171
942 _cBOOK
980 _aNB